LEADER 00986nam0-22002771i-450- 001 990003302100403321 005 20080606093751.0 035 $a000330210 035 $aFED01000330210 035 $a(Aleph)000330210FED01 035 $a000330210 100 $a20030910d--------km-y0itay50------ba 101 0 $aita 105 $ay-------001yy 200 1 $aBorchadt, Rudolf- Doderer, Heimito Von - Grimm, Hans - Handel - Mazzetti, Enrica - von Keller, Gottfried - Molo, Walter Von Ponten, Joseph - Zech, Paul 210 $aTorino$cs. n.$d1973 610 0 $aLetteratura tedesca 676 $a830 700 1$aDell'Agli,$bAnna Maria$0131159 801 0$aIT$bUNINA$gRICA$2UNIMARC 901 $aBK 912 $a990003302100403321 952 $a830 AGL /1$bLINGUE 2261 (DONO)$fDECLI 959 $aDECLI 996 $aBorchadt, Rudolf- Doderer, Heimito Von - Grimm, Hans - Handel - Mazzetti, Enrica - von Keller, Gottfried - Molo, Walter Von Ponten, Joseph - Zech, Paul$9446680 997 $aUNINA LEADER 03215oam 2200469 450 001 9910818188803321 005 20190911103514.0 010 $a1-4698-5237-3 010 $a1-4698-7610-8 035 $a(OCoLC)880497585 035 $a(MiFhGG)GVRL8SYI 035 $a(EXLCZ)993710000000082725 100 $a20130508h20142014 uy 0 101 0 $aeng 135 $aurun|---uuuua 181 $ctxt 182 $cc 183 $acr 200 00$aAbrams' angiography $einterventional radiology /$feditors, Jean-Francois H. Geschwind, Michael D. Dake 205 $aThird edition. 210 1$aPhiladelphia :$cWolters Kluwer Health / Lippincott Williams & Wilkins,$d[2014] 210 4$d?2014 215 $a1 online resource (xvii, 1222 pages) $cillustrations (some color) 225 0 $aGale eBooks 300 $aPreceded by Abrams' angiography / editors, Stanley Baum, Michael J. Pentecost. 2nd ed. c2006. 311 $a1-60913-792-2 320 $aIncludes bibliographical references and index. 327 $asection I. Oncology -- section II. Gynecology and male fertility -- section III. Vascular anomalies : hemangiomas and vascular malformations -- section IV. Liver diseases -- section V. Arterial occlusive disease -- section VI. Vasculitides -- section VII. Arteriopathies -- section VIII. Aneurysmal disease -- section IX. Other aortic diseases and endovascular management -- section X. Traumatic arterial injuries -- section XI. Hemorrhage -- section XII. Embologenic arterial lesions -- section XIII. Transplant-related vascular diseases -- section XIV. Arterial access closure -- section XV. Venous disease and endovascular management -- section XVI. Pharmacologic therapies. 330 $a"The 'Interventional Radiology' volume of the landmark reference "Abrams' Angiography" has now been expanded and thoroughly revised to reflect dynamic advances in interventional radiology. More than 60 contributors representing a "Who's Who" of the specialty provide comprehensive, step-by-step coverage of all contemporary vascular and nonvascular interventional procedures. Major sections discuss today's equipment and describe interventions for specific disorders of each organ system, as well as for trauma, pediatric diseases, abscess drainage, and miscellaneous disorders. More than 1,100 illustrations complement the text. This edition incorporates an extensive new section on interventional oncologic procedures. The section covers all organ-specific cancers for which interventional therapies are used. Other sections include artervenous malformations, liver diseases, arterial occlusive disease, aneurysms, traumatic arterial injuries, hemorrhage, and venous diseases. It also has full color and an accompanying online site to access the content anytime"--Provided by publisher. 606 $aAngiography 606 $aInterventional radiology 615 0$aAngiography. 615 0$aInterventional radiology. 676 $a616.1/307572 702 $aGeschwind$b Jean-Francois H.$f1963- 702 $aDake$b Michael D. 801 0$bMiFhGG 801 1$bMiFhGG 906 $aBOOK 912 $a9910818188803321 996 $aAbrams' angiography$93924416 997 $aUNINA